| 000 | 01204nam a2200265 i 4500 | ||
|---|---|---|---|
| 003 | EG-ScBUE | ||
| 005 | 20231116115428.0 | ||
| 008 | 111117s1985 ua f 000 0 cara d | ||
| 017 | _a1986 / 1579 | ||
| 040 |
_aEG-ScBUE _bara _erda _cEG-ScBUE _dEG-ScBUE |
||
| 082 | 0 | 4 |
_222 _a928.1 _bأ د هـ |
| 100 | 1 |
_914765 _aأدهم، إسماعيل أحمد، _eمؤلف. |
|
| 245 | 1 | 0 |
_aأدباء معاصرون / _cإسماعيل أحمد أدهم ؛ تحرير وتقديم وتعليق دكتور أحمد إبراهيم الهواري، أستاذ النقد الأدبي المساعد، جامعة الزقازيق. |
| 250 | _aالطبعة الثانية. | ||
| 264 | 1 |
_aالقاهرة : _bدار المعارف، _c1985. |
|
| 300 |
_a381 صفحة ؛ _c22 سم. |
||
| 336 |
_2rdacontent _aنص _btxt |
||
| 337 |
_aبدون وسيط _2rdamedia _bn |
||
| 338 |
_aمجلد _bnc _2rdacarrier |
||
| 490 | 0 |
_aالمؤلفات الكاملة للدكتور إسماعيل أحمد أدهم ؛ _v1 |
|
| 650 | 7 |
_911526 _aالأدباء العرب _vتراجم. _2BUEsh |
|
| 655 | _vReading book | ||
| 700 | 1 |
_914769 _aالهواري، أحمد إبراهيم، _eمحرر، _eمعلق، _eمقدم. |
|
| 942 |
_2ddc _cBB |
||
| 999 |
_c16231 _d16231 |
||